00264 a2200133 4500001000700000020002200007040001100029100001700040240002700057245002200084300000700106362000900113440000800122192022 a978-85-7153-272-4 cMagnum aBuck, Marcos10aO menino velaninolpor10aO menino velanino a400 a2011 1aRHJ